|
|
|
|
| LEADER |
00000nab a2200000 ar4500 |
| 001 |
vtls008703800 |
| 003 |
SK-MaSNL |
| 005 |
20260304232135.0 |
| 008 |
250505c2006 xo |||||||||||000 b|slo |
| 015 |
|
|
|a SNBRB2006/05
|2 snkbucl
|
| 035 |
|
|
|a (uuid)c33fb980-7cee-4920-a3f0-2a8612098fa0
|
| 035 |
|
|
|a urn:nbn:sk:snk-ab24fn
|
| 035 |
|
|
|a (urnnbn)urn:nbn:sk:snk:ar-a01ld0
|
| 038 |
|
|
|a SNKBUCL
|
| 040 |
|
|
|a SNKBUCL
|b slo
|c SNKBUCL
|e AACR2
|
| 041 |
0 |
|
|a slo
|
| 044 |
|
|
|a xo
|c SK
|
| 080 |
|
|
|a 799.31.093.1
|x (437.6)
|2 1997
|
| 100 |
1 |
|
|a Vasek, František
|4 aut
|9 26321
|
| 245 |
1 |
0 |
|a Majstrovstvá Slovenska predovkárov
|c pripravil: František Vasek
|
| 300 |
|
|
|b Fotogr., tab.
|
| 611 |
2 |
7 |
|a Majstrovstvá Slovenska v streľbe z predoviek
|d (2005 :
|c Komárno, Slovensko)
|2 snkbucl
|9 1566482
|
| 650 |
0 |
7 |
|a športová streľba
|2 snkbucl
|9 29098
|
| 650 |
0 |
7 |
|a predovky
|2 snkbucl
|9 1103226
|
| 651 |
|
7 |
|a Komárno (Slovensko)
|2 snkbucl
|9 39168
|
| 773 |
0 |
|
|t Zbrane, strelci a lovci
|g Roč. VII, č. 1 (2006), s. 86-87
|x 1335-5740
|
| 850 |
|
|
|a Slovenská národná knižnica
|
| 852 |
|
|
|a Slovenská národná knižnica
|
| 954 |
|
|
|a odborná, vedecká literatúra pôvodná (slovenská)
|2 lita
|
| 958 |
|
|
|a article27
|
| 958 |
|
|
|a SK
|
| 958 |
|
|
|a OND
|
| 958 |
|
|
|a EUIPO
|
| 999 |
|
|
|c 3192244
|d 3194174
|